Дополнительные главы линейной алгебры: учебное пособие

Dades bibliogràfiques
Autor principal: Беклемишев Д. В. Дмитрий Владимирович
Sumari:Книга призвана заполнить пробел, который существует между общим курсом линейной алгебры и приложениями этой дисциплины к научным и техническим задачам. В ней рассматриваются линейные отображения, функции от матриц, введение в численные методы, псевдорешения и псевдообратные матрицы, линейные неравенства и линейное программирование. Элементарные факты из теории матриц и линейной алгебры используются в том виде, как они изложены в книге автора «Курс аналитической геометрии и линейной алгебры».Настоящее издание существенно переработано и дополнено. Для студентов высших учебных заведений, специализирующихся по техническим и математическим специальностям.
Idioma:rus
Publicat: СПб., Лань, 2008
Edició:2-е изд., перераб. и доп.
Matèries:
Format: MixedMaterials Llibre
KOHA link:https://koha.lib.tpu.ru/cgi-bin/koha/opac-detail.pl?biblionumber=165427

MARC

LEADER 00000nam0a2200000 4500
001 165427
005 20231101222543.0
010 |a 9785811408115 
035 |a (RuTPU)RU\TPU\book\179452 
090 |a 165427 
100 |a 20090918d2008 m y0rusy50 ca 
101 0 |a rus 
102 |a RU 
105 |a y j 001zy 
200 1 |a Дополнительные главы линейной алгебры  |e учебное пособие  |f Д. В. Беклемишев 
205 |a 2-е изд., перераб. и доп. 
210 |a СПб.  |c Лань  |d 2008 
215 |a 496 с. 
320 |a Библиогр.: с. 481-484. 
320 |a Предметный указатель: с. 485-488. 
330 |a Книга призвана заполнить пробел, который существует между общим курсом линейной алгебры и приложениями этой дисциплины к научным и техническим задачам. В ней рассматриваются линейные отображения, функции от матриц, введение в численные методы, псевдорешения и псевдообратные матрицы, линейные неравенства и линейное программирование. Элементарные факты из теории матриц и линейной алгебры используются в том виде, как они изложены в книге автора «Курс аналитической геометрии и линейной алгебры».Настоящее издание существенно переработано и дополнено. Для студентов высших учебных заведений, специализирующихся по техническим и математическим специальностям. 
451 1 |0 (RuTPU)RU\TPU\book\37233  |t Дополнительные главы линейной алгебры  |o учебное пособие  |f Д. В. Беклемишев  |c М.  |n Наука  |d 1983  |p 335 с.  |a Беклемишев, Дмитрий Владимирович 
606 1 |a Линейная алгебра  |2 stltpush  |3 (RuTPU)RU\TPU\subj\40174  |9 60039 
610 1 |a учебные пособия 
610 1 |a линейные отображения 
610 1 |a функции 
610 1 |a численные методы 
610 1 |a псевдорешения 
610 1 |a псевдообратные матрицы 
610 1 |a линейные неравенства 
610 1 |a системы линейных неравенств 
675 |a 512.64(075.8)  |v 3 
700 1 |a Беклемишев  |b Д. В.  |g Дмитрий Владимирович 
801 1 |a RU  |b 63413507  |c 20090918 
801 2 |a RU  |b 63413507  |c 20210623  |g RCR 
900 |a Линейная алгебра и аналитическая геометрия 
942 |c BK 
959 |a 95/20090918  |d 22  |e 452,54  |f АНЛ:1  |f ЧЗТЛ:1  |f УФ:10  |f Ф_ТПУ_Новокузнецк:10